{"text_format":"3","workbook":"xlsx","n_sheets":2,"sheets":["SUMMARY","MATERIAL TAKE-OFF"],"not_rendered":{"charts":1,"images":3,"defined_names":4},"read":"whole","date_system":"1900"}

{"sheet":"SUMMARY","index":0,"n_rows":18,"n_cols":4,"rows_kept":18,"merged":[[12,0,12,1],[13,0,13,3],[17,0,17,1]]}
[]
["Project ID:"]
[]
["Address:"]
[]
["No. of Floors:",3]
[]
["Building GSF",2030]
[]
["DIVISION NO.","DESCRIPTION","TOTAL DIV. COST","TOTAL DIV. COST (PER SF)"]
[1000,"Overhead and Preliminaries",{"$f":"'MATERIAL TAKE-OFF'!L13","v":{"v":9642.5,"d":"$9,643"}},{"$f":"C11/$B$8","v":{"v":4.75,"d":"$4.75"}}]
[6000,"Masnory ",{"$f":"'MATERIAL TAKE-OFF'!L75","v":{"v":158074.85978369997,"d":"$158,075"}},{"$f":"C12/$B$8","v":{"v":77.86938905600984,"d":"$77.87"}}]
["SUBTOTAL CONSTRUCTION COST",null,{"$f":"SUM(C11:C12)","v":{"v":167717.35978369997,"d":"$167,717"}},{"$f":"SUM(D11:D12)","v":{"v":82.61938905600984,"d":"$83"}}]
[]
["PROFIT",{"v":0.15,"d":"15%"},{"$f":"$C$13*B15","v":{"v":25157.603967554995,"d":"$25,158"}},{"$f":"$D$13*B15","v":12.392908358401476}]
["TOTAL PROJECT COST",null,{"$f":"C15+C13","v":{"v":192874.96375125495,"d":"$192,875"}},{"$f":"$D$13*B16","v":0}]
["GST",{"v":0.1,"d":"10%"},{"$f":"C16*B17","v":{"v":19287.496375125495,"d":"$19,287"}},{"$f":"$D$13*B17","v":{"v":8.261938905600983,"d":"$8"}}]
["TOTAL PROJECT COST INCL. GST",null,{"$f":"SUM(C16:C17)","v":{"v":212162.46012638044,"d":"$212,162"}},{"$f":"SUM(D13:D17)","v":{"v":103.27423632001229,"d":"$103"}}]

{"sheet":"MATERIAL TAKE-OFF","index":1,"n_rows":92,"n_cols":13,"rows_kept":92,"merged":[[2,6,2,7],[2,8,2,9],[3,6,3,7],[3,8,3,9],[4,6,4,7],[4,8,4,9],[5,6,5,7],[5,8,5,9],[6,6,6,7],[6,8,6,9],[7,6,7,7],[7,8,7,9],[10,1,10,10],[14,1,14,10],[16,1,73,1],[75,0,75,8],[76,0,76,9],[77,0,77,9],[78,0,78,9],[79,0,79,9],[80,0,80,8],[82,1,82,10]]}
[]
[]
["Project: ",{"$f":"SUMMARY!B2","v":0}]
[]
["Address:",{"$f":"SUMMARY!B4","v":0}]
[]
["Scope:","MASONRY"]
[]
["Date:",{"$f":"TODAY()","v":"2025-12-23"}]
["SR #","REF. SHEET #","DESCRIPTION","QUANTITY","UNIT","LABOR RATE","TOTAL LABOUR COST","MATERIAL RATE","TOTAL MATETRIAL COST","EQUIPMENT RATE","TOTAL EQUIPMENT COSTS","SUB COST","NOTE / REMARKS"]
[null,"01. OVERHEAD AND PREMLIMINARIES"]
[1,null,"Overhead and Preliminaries",2030,"M2",{"v":1.5,"d":"$1.50"},{"$f":"D12*F12","v":{"v":3045,"d":"$3,045.00"}},{"v":3.25,"d":"$3.25"},{"$f":"D12*H12","v":{"v":6597.5,"d":"$6,597.50"}},{"v":0,"d":"$0.00"},{"$f":"D12*J12","v":{"v":0,"d":"$0.00"}},{"$f":"IF(D12=\"\",\"\",(G12+I12+K12))","v":{"v":9642.5,"d":"$9,642.50"}}]
[{"$f":"IF(E13=0,\"\",1+MAX(A12:A12))","v":""},{"$nulls":9},"SUBTOTAL",{"$f":"SUM(L11:L12)","v":{"v":9642.5,"d":"$9,642.50"}}]
[{"$f":"IF(E14=0,\"\",1+MAX(#REF!))","v":""}]
[{"$f":"IF(E15=0,\"\",1+MAX(A14:A14))","v":""},"06. MASONRY"]
[{"$f":"IF(E16=0,\"\",1+MAX(A11:A15))","v":""},null,"Block Walls"]
[{"$f":"IF(E17=0,\"\",1+MAX(A12:A16))","v":2},"A-201\nA-203\nA-205","(190MM x 190MM x 390MM)Thick Block Wall  (200MM High)",{"v":4.172,"d":"4.17"},"M2",{"v":19.2975,"d":"$19.30"},{"$f":"D17*F17","v":{"v":80.50917,"d":"$80.51"}},{"v":41.5,"d":"$41.50"},{"$f":"D17*H17","v":{"v":173.13799999999998,"d":"$173.14"}},{"v":0,"d":"$0.00"},{"$f":"D17*J17","v":{"v":0,"d":"$0.00"}},{"$f":"IF(D17=\"\",\"\",(G17+I17+K17))","v":{"v":253.64716999999996,"d":"$253.65"}}]
[{"$f":"IF(E18=0,\"\",1+MAX(A13:A17))","v":3},null,"(190MM x190MM x 390MM) CMu Block",{"$f":"ROUNDUP(D17/0.0741,0)","v":{"v":57,"d":"57.00"}},"EA",{"v":0,"d":"$0.00"},{"$f":"D18*F18","v":{"v":0,"d":"$0.00"}},{"v":0,"d":"$0.00"},{"$f":"D18*H18","v":{"v":0,"d":"$0.00"}},{"v":0,"d":"$0.00"},{"$f":"D18*J18","v":{"v":0,"d":"$0.00"}},{"$f":"IF(D18=\"\",\"\",(G18+I18+K18))","v":{"v":0,"d":"$0.00"}}]
[4,null,"Grout",{"$f":"0.08*D17","v":{"v":0.33376,"d":"0.33"}},"M3",{"v":36.502500000000005,"d":"$36.50"},{"v":12.183074400000002,"d":"$12.18"},{"v":78.5,"d":"$78.50"},{"v":26.20016,"d":"$26.20"},{"v":0,"d":"$0.00"},{"v":0,"d":"$0.00"},{"v":38.383234400000006,"d":"$38.38"}]
[5,null,"(190 MM x 190MM x 390MM ) Block Wall (800 MM H) Reinforced W/\n - N16- 400 Vert. Bars (central)\n - N12- 400 Horz. Bars (Central)",{"v":42,"d":"42.00"},"M2",{"v":19.2975,"d":"$19.30"},{"v":810.495,"d":"$810.50"},{"v":41.5,"d":"$41.50"},{"v":1743,"d":"$1,743.00"},{"v":0,"d":"$0.00"},{"v":0,"d":"$0.00"},{"v":2553.495,"d":"$2,553.50"}]
[6,null,"(190MM x 190MM x390MM) CMu Blocks",{"$f":"ROUND(D20/0.0741,0)","v":{"v":567,"d":"567.00"}},"EA",{"v":0,"d":"$0.00"},{"v":0,"d":"$0.00"},{"v":0,"d":"$0.00"},{"v":0,"d":"$0.00"},{"v":0,"d":"$0.00"},{"v":0,"d":"$0.00"},{"v":0,"d":"$0.00"}]
[7,null,"Grout",{"$f":"0.08*D20","v":3.36},"M3",{"v":36.502500000000005,"d":"$36.50"},{"v":122.64840000000001,"d":"$122.65"},{"v":78.5,"d":"$78.50"},{"v":263.76,"d":"$263.76"},{"v":0,"d":"$0.00"},{"v":0,"d":"$0.00"},{"v":386.40840000000003,"d":"$386.41"}]
[8,null,"(190 MM x 190MM x 390MM ) Block Wall (1000 MM H) Reinforced W/\n - N16- 400 Vert. Bars (central)\n - N12- 400 Horz. Bars (Central)",{"v":31.5,"d":"31.50"},"M2",{"v":19.2975,"d":"$19.30"},{"v":607.87125,"d":"$607.87"},{"v":41.5,"d":"$41.50"},{"v":1307.25,"d":"$1,307.25"},{"v":0,"d":"$0.00"},{"v":0,"d":"$0.00"},{"v":1915.1212500000001,"d":"$1,915.12"}]
[9,null,"(190MM x 190MM x390MM) CMu Blocks",{"$f":"ROUND(D23/0.0741,0)","v":{"v":425,"d":"425.00"}},"EA",{"v":0,"d":"$0.00"},{"v":0,"d":"$0.00"},{"v":0,"d":"$0.00"},{"v":0,"d":"$0.00"},{"v":0,"d":"$0.00"},{"v":0,"d":"$0.00"},{"v":0,"d":"$0.00"}]
[10,null,"Grout",{"$f":"0.08*D23","v":2.52},"M3",{"v":36.502500000000005,"d":"$36.50"},{"v":91.98630000000001,"d":"$91.99"},{"v":78.5,"d":"$78.50"},{"v":197.82,"d":"$197.82"},{"v":0,"d":"$0.00"},{"v":0,"d":"$0.00"},{"v":289.8063,"d":"$289.81"}]
[11,null,"(190 MM x 190MM x 390MM ) Block Wall (2200 MM H) Reinforced W/\n - N16- 400 Vert. Bars (central)\n - N12- 400 Horz. Bars (Central)",{"v":52.778,"d":"52.78"},"M2",{"v":20.227500000000003,"d":"$20.23"},{"v":1067.5669950000001,"d":"$1,067.57"},{"v":43.5,"d":"$43.50"},{"v":2295.843,"d":"$2,295.84"},{"v":0,"d":"$0.00"},{"v":0,"d":"$0.00"},{"v":3363.409995,"d":"$3,363.41"}]
[12,null,"(190MM x 190MM x390MM) CMu Blocks",{"$f":"ROUND(D26/0.0741,0)","v":{"v":712,"d":"712.00"}},"EA",{"v":0,"d":"$0.00"},{"v":0,"d":"$0.00"},{"v":0,"d":"$0.00"},{"v":0,"d":"$0.00"},{"v":0,"d":"$0.00"},{"v":0,"d":"$0.00"},{"v":0,"d":"$0.00"}]
[13,null,"Grout",{"$f":"0.08*D26","v":{"v":4.22224,"d":"4.22"}},"M3",{"v":36.502500000000005,"d":"$36.50"},{"v":154.12231560000004,"d":"$154.12"},{"v":78.5,"d":"$78.50"},{"v":331.44584000000003,"d":"$331.45"},{"v":0,"d":"$0.00"},{"v":0,"d":"$0.00"},{"v":485.56815560000007,"d":"$485.57"}]
[14,null,"(190MM x 190MM x 390MM) Block Wall (2500MM H) Reinforced w/\n - N16-400 Vertical Rebars\n - N12-400 Horizontal Rebars",419.85,"M2",{"v":20.227500000000003,"d":"$20.23"},{"v":8492.515875000001,"d":"$8,492.52"},{"v":43.5,"d":"$43.50"},{"v":18263.475000000002,"d":"$18,263.48"},{"v":0,"d":"$0.00"},{"v":0,"d":"$0.00"},{"v":26755.990875000003,"d":"$26,755.99"}]
[15,null,"(190MM x190MM x 390MM) CMu Block",{"$f":"ROUNDUP(D29/0.0741,0)","v":{"v":5666,"d":"5,666.00"}},"EA",{"v":0,"d":"$0.00"},{"v":0,"d":"$0.00"},{"v":0,"d":"$0.00"},{"v":0,"d":"$0.00"},{"v":0,"d":"$0.00"},{"v":0,"d":"$0.00"},{"v":0,"d":"$0.00"}]
[16,null,"Grout",{"$f":"0.08*D29","v":{"v":33.588,"d":"33.59"}},"M3",{"v":36.502500000000005,"d":"$36.50"},{"v":1226.0459700000001,"d":"$1,226.05"},{"v":78.5,"d":"$78.50"},{"v":2636.658,"d":"$2,636.66"},{"v":0,"d":"$0.00"},{"v":0,"d":"$0.00"},{"v":3862.70397,"d":"$3,862.70"}]
[17,null,"(190 MM x 190MM x 390MM ) Block Wall (2600 MM H) Reinforced W/\n - N16- 400 Vert. Bars (central)\n - N12- 400 Horz. Bars (Central)",{"v":578,"d":"578.00"},"M2",{"v":20.227500000000003,"d":"$20.23"},{"v":11691.495,"d":"$11,691.50"},{"v":43.5,"d":"$43.50"},{"v":25143,"d":"$25,143.00"},{"v":0,"d":"$0.00"},{"v":0,"d":"$0.00"},{"v":36834.495,"d":"$36,834.50"}]
[18,null,"(190MM x 190MM x390MM) CMu Blocks",{"$f":"ROUND(D32/0.0741,0)","v":{"v":7800,"d":"7,800.00"}},"EA",{"v":0,"d":"$0.00"},{"v":0,"d":"$0.00"},{"v":0,"d":"$0.00"},{"v":0,"d":"$0.00"},{"v":0,"d":"$0.00"},{"v":0,"d":"$0.00"},{"v":0,"d":"$0.00"}]
[19,null,"Grout",{"$f":"0.08*D32","v":46.24},"M3",{"v":36.502500000000005,"d":"$36.50"},{"v":1687.8756000000003,"d":"$1,687.88"},{"v":78.5,"d":"$78.50"},{"v":3629.84,"d":"$3,629.84"},{"v":0,"d":"$0.00"},{"v":0,"d":"$0.00"},{"v":5317.7156,"d":"$5,317.72"}]
[20,null,"(190 MM x 190MM x 390MM ) Block Wall (2700 MM H) Reinforced W/\n - N16- 400 Vert. Bars (central)\n - N12- 400 Horz. Bars (Central)",{"v":45.36000000000001,"d":"45.36"},"M2",{"v":20.227500000000003,"d":"$20.23"},{"v":917.5194000000002,"d":"$917.52"},{"v":43.5,"d":"$43.50"},{"v":1973.1600000000003,"d":"$1,973.16"},{"v":0,"d":"$0.00"},{"v":0,"d":"$0.00"},{"v":2890.6794000000004,"d":"$2,890.68"}]
[21,null,"(190MM x 190MM x390MM) CMu Blocks",{"$f":"ROUND(D35/0.0741,0)","v":{"v":612,"d":"612.00"}},"EA",{"v":0,"d":"$0.00"},{"v":0,"d":"$0.00"},{"v":0,"d":"$0.00"},{"v":0,"d":"$0.00"},{"v":0,"d":"$0.00"},{"v":0,"d":"$0.00"},{"v":0,"d":"$0.00"}]
[22,null,"Grout",{"$f":"0.08*D35","v":{"v":3.6288000000000005,"d":"3.63"}},"M3",{"v":36.502500000000005,"d":"$36.50"},{"v":132.46027200000003,"d":"$132.46"},{"v":78.5,"d":"$78.50"},{"v":284.86080000000004,"d":"$284.86"},{"v":0,"d":"$0.00"},{"v":0,"d":"$0.00"},{"v":417.3210720000001,"d":"$417.32"}]
[23,null,"(190 MM x 190MM x 390MM ) Block Wall (2800 MM H) Reinforced W/\n - N16- 400 Vert. Bars (central)\n - N12- 400 Horz. Bars (Central)",{"v":4.4239999999999995,"d":"4.42"},"M2",{"v":20.227500000000003,"d":"$20.23"},{"v":89.48646000000001,"d":"$89.49"},{"v":43.5,"d":"$43.50"},{"v":192.444,"d":"$192.44"},{"v":0,"d":"$0.00"},{"v":0,"d":"$0.00"},{"v":281.93046,"d":"$281.93"}]
[24,null,"(190MM x 190MM x390MM) CMu Blocks",{"$f":"ROUND(D38/0.0741,0)","v":{"v":60,"d":"60.00"}},"EA",{"v":0,"d":"$0.00"},{"v":0,"d":"$0.00"},{"v":0,"d":"$0.00"},{"v":0,"d":"$0.00"},{"v":0,"d":"$0.00"},{"v":0,"d":"$0.00"},{"v":0,"d":"$0.00"}]
[25,null,"Grout",{"$f":"0.08*D38","v":{"v":0.35391999999999996,"d":"0.35"}},"M3",{"v":36.502500000000005,"d":"$36.50"},{"v":12.9189648,"d":"$12.92"},{"v":78.5,"d":"$78.50"},{"v":27.782719999999998,"d":"$27.78"},{"v":0,"d":"$0.00"},{"v":0,"d":"$0.00"},{"v":40.701684799999995,"d":"$40.70"}]
[26,null,"(190 MM x 190MM x 390MM ) Block Wall (3100 MM H) Reinforced W/\n - N16- 400 Vert. Bars (central)\n - N12- 400 Horz. Bars (Central)",{"v":37.789,"d":"37.79"},"M2",{"v":20.227500000000003,"d":"$20.23"},{"v":764.3769975000001,"d":"$764.38"},{"v":43.5,"d":"$43.50"},{"v":1643.8215,"d":"$1,643.82"},{"v":0,"d":"$0.00"},{"v":0,"d":"$0.00"},{"v":2408.1984975,"d":"$2,408.20"}]
[27,null,"(190MM x 190MM x390MM) CMu Blocks",{"$f":"ROUND(D41/0.0741,0)","v":{"v":510,"d":"510.00"}},"EA",{"v":0,"d":"$0.00"},{"v":0,"d":"$0.00"},{"v":0,"d":"$0.00"},{"v":0,"d":"$0.00"},{"v":0,"d":"$0.00"},{"v":0,"d":"$0.00"},{"v":0,"d":"$0.00"}]
[28,null,"Grout",{"$f":"0.08*D41","v":{"v":3.02312,"d":"3.02"}},"M3",{"v":36.502500000000005,"d":"$36.50"},{"v":110.35143780000001,"d":"$110.35"},{"v":78.5,"d":"$78.50"},{"v":237.31492,"d":"$237.31"},{"v":0,"d":"$0.00"},{"v":0,"d":"$0.00"},{"v":347.6663578,"d":"$347.67"}]
[29,null,"(190 MM x 190MM x 390MM ) Block Wall (3200 MM H) Reinforced W/\n - N16- 400 Vert. Bars (central)\n - N12- 400 Horz. Bars (Central)",{"v":99.456,"d":"99.46"},"M2",{"v":20.227500000000003,"d":"$20.23"},{"v":2011.7462400000004,"d":"$2,011.75"},{"v":43.5,"d":"$43.50"},{"v":4326.336,"d":"$4,326.34"},{"v":0,"d":"$0.00"},{"v":0,"d":"$0.00"},{"v":6338.082240000001,"d":"$6,338.08"}]
[30,null,"(190MM x 190MM x390MM) CMu Blocks",{"$f":"ROUND(D44/0.0741,0)","v":{"v":1342,"d":"1,342.00"}},"EA",{"v":0,"d":"$0.00"},{"v":0,"d":"$0.00"},{"v":0,"d":"$0.00"},{"v":0,"d":"$0.00"},{"v":0,"d":"$0.00"},{"v":0,"d":"$0.00"},{"v":0,"d":"$0.00"}]
[31,null,"Grout",{"$f":"0.08*D44","v":{"v":7.95648,"d":"7.96"}},"M3",{"v":36.502500000000005,"d":"$36.50"},{"v":290.4314112,"d":"$290.43"},{"v":78.5,"d":"$78.50"},{"v":624.58368,"d":"$624.58"},{"v":0,"d":"$0.00"},{"v":0,"d":"$0.00"},{"v":915.0150911999999,"d":"$915.02"}]
[32,null,"(190 MM x 190MM x 390MM ) Block Wall (3400 MM H) Reinforced W/\n - N16- 400 Vert. Bars (central)\n - N12- 400 Horz. Bars (Central)",47.94,"M2",{"v":20.227500000000003,"d":"$20.23"},{"v":969.70635,"d":"$969.71"},{"v":43.5,"d":"$43.50"},{"v":2085.39,"d":"$2,085.39"},{"v":0,"d":"$0.00"},{"v":0,"d":"$0.00"},{"v":3055.09635,"d":"$3,055.10"}]
[33,null,"(190MM x 190MM x390MM) CMu Blocks",{"$f":"ROUND(D47/0.0741,0)","v":{"v":647,"d":"647.00"}},"EA",{"v":0,"d":"$0.00"},{"v":0,"d":"$0.00"},{"v":0,"d":"$0.00"},{"v":0,"d":"$0.00"},{"v":0,"d":"$0.00"},{"v":0,"d":"$0.00"},{"v":0,"d":"$0.00"}]
[34,null,"Grout",{"$f":"0.08*D47","v":{"v":3.8352,"d":"3.84"}},"M3",{"v":36.502500000000005,"d":"$36.50"},{"v":139.99438800000001,"d":"$139.99"},{"v":78.5,"d":"$78.50"},{"v":301.0632,"d":"$301.06"},{"v":0,"d":"$0.00"},{"v":0,"d":"$0.00"},{"v":441.057588,"d":"$441.06"}]
[35,null,"(190 MM x 190MM x 390MM ) Block Wall (3500 MM H) Reinforced W/\n - N16- 400 Vert. Bars (central)\n - N12- 400 Horz. Bars (Central)",32.76,"M2",{"v":20.227500000000003,"d":"$20.23"},{"v":662.6529,"d":"$662.65"},{"v":43.5,"d":"$43.50"},{"v":1425.06,"d":"$1,425.06"},{"v":0,"d":"$0.00"},{"v":0,"d":"$0.00"},{"v":2087.7129,"d":"$2,087.71"}]
[36,null,"(190MM x 190MM x390MM) CMu Blocks",{"$f":"ROUND(D50/0.0741,0)","v":{"v":442,"d":"442.00"}},"EA",{"v":0,"d":"$0.00"},{"v":0,"d":"$0.00"},{"v":0,"d":"$0.00"},{"v":0,"d":"$0.00"},{"v":0,"d":"$0.00"},{"v":0,"d":"$0.00"},{"v":0,"d":"$0.00"}]
[37,null,"Grout",{"$f":"0.08*D50","v":{"v":2.6208,"d":"2.62"}},"M3",{"v":36.502500000000005,"d":"$36.50"},{"v":95.66575200000001,"d":"$95.67"},{"v":78.5,"d":"$78.50"},{"v":205.7328,"d":"$205.73"},{"v":0,"d":"$0.00"},{"v":0,"d":"$0.00"},{"v":301.398552,"d":"$301.40"}]
[38,null,"(190 MM x 190MM x 390MM ) Block Wall (3600 MM H) Reinforced W/\n - N16- 400 Vert. Bars (central)\n - N12- 400 Horz. Bars (Central)",{"v":25.128000000000004,"d":"25.13"},"M2",{"v":20.227500000000003,"d":"$20.23"},{"v":508.27662000000015,"d":"$508.28"},{"v":43.5,"d":"$43.50"},{"v":1093.0680000000002,"d":"$1,093.07"},{"v":0,"d":"$0.00"},{"v":0,"d":"$0.00"},{"v":1601.3446200000003,"d":"$1,601.34"}]
[39,null,"(190MM x 190MM x390MM) CMu Blocks",{"$f":"ROUND(D53/0.0741,0)","v":{"v":339,"d":"339.00"}},"EA",{"v":0,"d":"$0.00"},{"v":0,"d":"$0.00"},{"v":0,"d":"$0.00"},{"v":0,"d":"$0.00"},{"v":0,"d":"$0.00"},{"v":0,"d":"$0.00"},{"v":0,"d":"$0.00"}]
[40,null,"Grout",{"$f":"0.08*D53","v":{"v":2.0102400000000005,"d":"2.01"}},"M3",{"v":36.502500000000005,"d":"$36.50"},{"v":73.37878560000003,"d":"$73.38"},{"v":78.5,"d":"$78.50"},{"v":157.80384000000004,"d":"$157.80"},{"v":0,"d":"$0.00"},{"v":0,"d":"$0.00"},{"v":231.18262560000005,"d":"$231.18"}]
[41,null,"(190 MM x 190MM x 390MM ) Block Wall (2000 MM H) Reinforced W/\n - N16- 400 Vert. Bars (central)\n - N12- 400 Horz. Bars (Central)",39.54,"M2",{"v":20.227500000000003,"d":"$20.23"},{"v":799.7953500000001,"d":"$799.80"},{"v":43.5,"d":"$43.50"},{"v":1719.99,"d":"$1,719.99"},{"v":0,"d":"$0.00"},{"v":0,"d":"$0.00"},{"v":2519.78535,"d":"$2,519.79"}]
[42,null,"(190MM x 190MM x390MM) CMu Blocks",{"$f":"ROUND(D56/0.0741,0)","v":{"v":534,"d":"534.00"}},"EA",{"v":0,"d":"$0.00"},{"v":0,"d":"$0.00"},{"v":0,"d":"$0.00"},{"v":0,"d":"$0.00"},{"v":0,"d":"$0.00"},{"v":0,"d":"$0.00"},{"v":0,"d":"$0.00"}]
[43,null,"Grout",{"$f":"0.08*D56","v":{"v":3.1632,"d":"3.16"}},"M3",{"v":36.502500000000005,"d":"$36.50"},{"v":115.464708,"d":"$115.46"},{"v":78.5,"d":"$78.50"},{"v":248.31119999999999,"d":"$248.31"},{"v":0,"d":"$0.00"},{"v":0,"d":"$0.00"},{"v":363.77590799999996,"d":"$363.78"}]
["",null,"Retaining Wall"]
[44,null,"RW1: Retaining Wall (600MM H) \n190 Block Height W/\nN12-400 C/C Horz. & N12-400 C/C/ Vert. Bar",{"v":3.594,"d":"3.59"},"M2",{"v":19.7625,"d":"$19.76"},{"v":71.02642499999999,"d":"$71.03"},{"v":42.5,"d":"$42.50"},{"v":152.745,"d":"$152.75"},{"v":0,"d":"$0.00"},{"v":0,"d":"$0.00"},{"v":223.771425,"d":"$223.77"}]
[45,null,"(190MM x 190MM x390MM) CMu Blocks",{"$f":"ROUND(D60/0.0741,0)","v":{"v":49,"d":"49.00"}},"EA",{"v":0,"d":"$0.00"},{"$f":"D61*F61","v":{"v":0,"d":"$0.00"}},{"v":0,"d":"$0.00"},{"$f":"D61*H61","v":{"v":0,"d":"$0.00"}},{"v":0,"d":"$0.00"},{"$f":"D61*J61","v":{"v":0,"d":"$0.00"}},{"$f":"IF(D61=\"\",\"\",(G61+I61+K61))","v":{"v":0,"d":"$0.00"}}]
[46,null,"Grout",{"$f":"0.08*D60","v":{"v":0.28752,"d":"0.29"}},"M3",{"v":36.502500000000005,"d":"$36.50"},{"v":10.4951988,"d":"$10.50"},{"v":78.5,"d":"$78.50"},{"v":22.57032,"d":"$22.57"},{"v":0,"d":"$0.00"},{"v":0,"d":"$0.00"},{"v":33.0655188,"d":"$33.07"}]
["",null,"Lintels"]
[47,null,"190x400 Block Lintel Reinforce W/\n - 2N16 Cont. Rebar In Each Course With W8-200 Ties",{"v":132,"d":"132.00"},"M",{"v":21.622500000000002,"d":"$21.62"},{"$f":"D64*F64","v":{"v":2854.17,"d":"$2,854.17"}},{"v":46.5,"d":"$46.50"},{"$f":"D64*H64","v":{"v":6138,"d":"$6,138.00"}},{"v":0,"d":"$0.00"},{"$f":"D64*J64","v":{"v":0,"d":"$0.00"}},{"$f":"IF(D64=\"\",\"\",(G64+I64+K64))","v":{"v":8992.17,"d":"$8,992.17"}}]
[48,null,"(190MM x 190MM x390MM) CMu Blocks",{"$f":"ROUNDUP(132*0.4/ (0.19*0.39),0)","v":{"v":713,"d":"713.00"}},"EA",{"v":0,"d":"$0.00"},{"v":0,"d":"$0.00"},{"v":0,"d":"$0.00"},{"v":0,"d":"$0.00"},{"v":0,"d":"$0.00"},{"v":0,"d":"$0.00"},{"v":0,"d":"$0.00"}]
[49,null,"Grout",{"$f":"0.08*52.8","v":{"v":4.224,"d":"4.22"}},"M3",{"v":36.502500000000005,"d":"$36.50"},{"v":154.18656000000001,"d":"$154.19"},{"v":78.5,"d":"$78.50"},{"v":331.584,"d":"$331.58"},{"v":0,"d":"$0.00"},{"v":0,"d":"$0.00"},{"v":485.77056000000005,"d":"$485.77"}]
[50,null,"Brick Lintel (5 M)\n90x90x6 Angle Section",{"$f":"8.2*5","v":{"v":41,"d":"41.00"}},"KG",{"v":3.4875000000000003,"d":"$3.49"},{"v":142.9875,"d":"$142.99"},{"v":7.5,"d":"$7.50"},{"v":307.5,"d":"$307.50"},{"v":0,"d":"$0.00"},{"v":0,"d":"$0.00"},{"v":450.4875,"d":"$450.49"}]
["",null,"Bond Beam"]
[51,null,"(190MM x 190MM x 390MM) Bond BeaM Reinforced w/\n - N16 Cont. Rebar",{"$f":"358.79+258","v":616.79},"M",{"v":20.227500000000003,"d":"$20.23"},{"v":12476.119725,"d":"$12,476.12"},{"v":43.5,"d":"$43.50"},{"v":26830.364999999998,"d":"$26,830.37"},{"v":0,"d":"$0.00"},{"v":0,"d":"$0.00"},{"v":39306.484725,"d":"$39,306.48"}]
[52,null,"(190MM x190MM x 390MM) CMu Block",{"$f":"ROUND(D69/0.39,0)","v":{"v":1582,"d":"1,582.00"}},"EA",{"v":0,"d":"$0.00"},{"$f":"D70*F70","v":{"v":0,"d":"$0.00"}},{"v":0,"d":"$0.00"},{"$f":"D70*H70","v":{"v":0,"d":"$0.00"}},{"v":0,"d":"$0.00"},{"$f":"D70*J70","v":{"v":0,"d":"$0.00"}},{"$f":"IF(D70=\"\",\"\",(G70+I70+K70))","v":{"v":0,"d":"$0.00"}}]
[53,null,"Grout",{"$f":"0.08*117.04","v":{"v":9.3632,"d":"9.36"}},"M3",{"v":36.502500000000005,"d":"$36.50"},{"v":341.7802080000001,"d":"$341.78"},{"v":78.5,"d":"$78.50"},{"v":735.0112,"d":"$735.01"},{"v":0,"d":"$0.00"},{"v":0,"d":"$0.00"},{"v":1076.791408,"d":"$1,076.79"}]
["",null,"Brick"]
[54,null,"Brick Work\nBrick Size: 360MM x 110MM x 86MM",{"v":22,"d":"22.00"},"M2",{"v":17.4375,"d":"$17.44"},{"$f":"D73*F73","v":{"v":383.625,"d":"$383.63"}},{"v":37.5,"d":"$37.50"},{"$f":"D73*H73","v":{"v":825,"d":"$825.00"}},{"v":0,"d":"$0.00"},{"$f":"D73*J73","v":{"v":0,"d":"$0.00"}},{"$f":"IF(D73=\"\",\"\",(G73+I73+K73))","v":{"v":1208.625,"d":"$1,208.63"}}]
[55,null,"No. Of Bricks",{"$f":"ROUNDUP(D73/0.03096,0)","v":{"v":711,"d":"711.00"}},"EA",{"v":0,"d":"$0.00"},{"v":0,"d":"$0.00"},{"v":0,"d":"$0.00"},{"v":0,"d":"$0.00"},{"v":0,"d":"$0.00"},{"v":0,"d":"$0.00"},{"v":0,"d":"$0.00"}]
[{"$f":"IF(E75=0,\"\",1+MAX(#REF!))","v":""},{"$nulls":9},"SUBTOTAL",{"$f":"SUM(L15:L74)","v":{"v":158074.85978369997,"d":"$158,074.86"}}]
[]
["SUBTOTAL CONSTRUCTION COST",{"$nulls":10},{"$f":"SUM(L11:L76)/2","v":{"v":167717.35978369997,"d":"$167,717"}}]
["PROFIT",{"$nulls":9},{"v":0.15,"d":"15%"},{"$f":"$L$77*K78","v":{"v":25157.603967554995,"d":"$25,158"}}]
["TOTAL PROJECT COST",{"$nulls":10},{"$f":"L77+L78","v":{"v":192874.96375125495,"d":"$192,875"}}]
["GST",{"$nulls":9},{"v":0.1,"d":"10%"},{"$f":"L79*K80","v":{"v":19287.496375125495,"d":"$19,287"}}]
["TOTAL PROJECT COST INCL. GST",{"$nulls":10},{"$f":"L79+L80","v":{"v":212162.46012638044,"d":"$212,162"}}]
["NOTES:"]
[null,"General Notes: The prices used while preparing the estimate were taken from Cordell Platinum online i.e. the standard pricing. So, it is preferred to review the prices."]
[]
[null,null,"Note",{"$nulls":5},"Legend"]
[null,1,"The drawings are scaled as per the mentioned scales on the plans.",{"$nulls":5},"KG's = Kilogram"]
[{"$nulls":8},"M2= Meter Square "]
[{"$nulls":8},"M = Meter"]
[{"$nulls":8},"EA = Each"]
[{"$nulls":8},"M3 = Meter Cube "]
[{"$nulls":8},"LOC = Location"]
[{"$nulls":8},"LS = Lum Sum"]